000 00503nam a22001697a 4500
999 _c8578
_d8578
008 201202b ||||| |||| 00| 0 eng d
040 _aBMS College of Architecture
100 _aBidasaria, Urvi
245 _aCentre for crafts
300 _aNA
500 _a1BM13AT076
502 _8B,Arch
_NBMS College of Architecture, Visvesvaraya Technological University (VTU)
_aProject report
_d2017
650 _aCrafts
700 _aPraveen Kumar Upadhye
_eGuide
700 _aSayee
_eGuide
942 _2ddc
_cTHE